Poznatky z psychologickej prípravy reprezentačného družstva zjazdárok ČSSR

Bibliographic Details
Main Authors: Zacharides, Ladislav, 1936-2006 (Author), Kubalák, Milan (Author)
Format: Article
Language:Slovak
PhysicalDescription:Obr., tab.
Subjects:

MARC

LEADER 00000nab a2200000 a 4500
001 vtls009142665
003 SK-MaSNL
005 20260305035241.0
008 060209 1974 xo |00 0 slo
015 |a SNBRB2007/09 
040 |a SNKBUCL  |b slo  |c SNKBUCL  |e AACR2 
041 0 |a slo 
044 |a xo  |c SK 
080 |a 796.926.015  |x (437)  |2 2001 
100 1 |a Zacharides, Ladislav,  |d 1936-2006  |4 aut  |9 250750 
245 1 0 |a Poznatky z psychologickej prípravy reprezentačného družstva zjazdárok ČSSR  |c Ladislav Zacharides, Milan Kubalák 
300 |a Obr., tab. 
650 0 7 |a lyžovanie  |2 snkbucl  |9 3256 
650 0 7 |a zjazdové lyžovanie  |2 snkbucl  |9 3258 
650 0 7 |a športový tréning  |2 snkbucl  |9 163263 
700 1 |a Kubalák, Milan  |4 aut  |9 227986 
773 0 |t Tréner  |g Roč. 18, č. 1 (1974), s. 13-17 
999 |c 3332836  |d 3334766